000
00327nam a2200145Ia 4500
003
OSt
005
20231223065354.0
008
170524s9999 xx 000 0 und d
020
_a
9788184881974
040
_c
IIMT UNIVERSITY
100
_a
Rathor BS
245
0
_a
ADVERTISING MANAGEMENT
260
_a
Himalaya
942
_2
ddc
_c
02
999
_c
3116
_d
3116